Least Known Countries - Statistics

General Stats
  • This quiz has been taken 39 times
  • The average score is 6 of 10
Answer Stats
Hint Answer % Correct
2. Nauru
80%
1. São Tomé and Príncipe
74%
8. Tuvalu
69%
6. Palau
66%
10. Marshall Islands
63%
9. Vanuatu
63%
7. Kiribati
51%
3. Comoros
49%
4. Saint Vincent and the Grenadines
46%
5. Grenada
29%
No matching quizzes found
Score Distribution
Percent of People with Each Score
Percentile by Number Answered
Your Score History
You have not taken this quiz